| 000 | 00396 a2200169 4500 | ||
|---|---|---|---|
| 001 | 189586 | ||
| 020 | _a978-85-7406147-4 | ||
| 040 | _cMagnum | ||
| 100 | _aScliar, Moacyr | ||
| 240 | 1 | 0 |
_aO irmão que veio de longe _lpor |
| 245 | 1 | 0 | _aO irmão que veio de longe |
| 300 | _a92 | ||
| 362 | 0 | _a2002 | |
| 440 | 1 | _aCompanhia das Letrinhas | |
| 697 | _aLITERATURA INFANTO-JUVENIL | ||
| 942 | _cBK | ||
| 999 |
_c189586 _d189586 |
||